Airbus Aircrafts - Statistics

General Stats
  • This quiz has been taken 153 times
  • The average score is 10 of 16
Answer Stats
Status Aircraft % Correct
Current A320
98%
Current A330
97%
Discontinued A380
96%
Discontinued A340
94%
Current A350
94%
Discontinued A310
89%
Discontinued A300
82%
Discontinued A321
82%
Discontinued A319
74%
Current A220
69%
Discontinued A318
69%
Current A400M Atlas
43%
Discontinued BelugaST (A300-600ST)
31%
Discontinued BelugaXL (A330-743L)
19%
Current A330 MRTT / KC-30A Voyager
4%
Current A310 MRTT
3%
No matching quizzes found
Score Distribution
Percent of People with Each Score
Percentile by Number Answered
Your Score History
You have not taken this quiz